Philadelphia 76ers Lineup 2018-19 - Statistics

General Stats
  • This quiz has been taken 81 times
  • The average score is 7 of 15
Answer Stats
Hint Answer % Correct
2014 Joel Embiid
100%
2016 Ben Simmons
93%
UD 2012 Jonathon Simmons
89%
2011 Jimmy Butler
81%
2011 Tobias Harris
73%
2006 JJ Reddick
61%
2018 Zhaire Smith
36%
2013 James Ennis III
33%
2012 Mike Scott
33%
2015 TJ McConnell
33%
2018 Shake Milton
28%
2005 Amir Johnson
25%
2017 Jonah Bolden
24%
UD 2015 Boban Marjanovic
21%
2017 Justin Patton
3%
No matching quizzes found
Score Distribution
Percent of People with Each Score
Percentile by Number Answered
Your Score History
You have not taken this quiz